| 000 | 01045cam a2200205 4500 | ||
|---|---|---|---|
| 001 | L135735 | ||
| 008 | 061205n2006 000 0 eng u | ||
| 035 | _a(Sirsi) u135735 | ||
| 041 | 0 | _aeng | |
| 110 | 1 |
_aChartered Institute of Housing _92394 |
|
| 245 | 0 | 0 | _aFinancial inclusion and capability |
| 260 |
_aCoventry _bChartered Institute of Housing _c2006 |
||
| 490 |
_aCIH Good Practice Briefing _v(31) November 2006 |
||
| 505 | 0 | _aThe policy context -- What is financial exclusion? -- The role of housing -- Getting involved -- Debt and money advice -- Sustaining tenancies -- Preventing homelessness -- Rent arrears management -- Bank accounts and affordable credit -- Strategic partnership working. | |
| 520 | _aFocuses on moving the delivery of financial capability activities from cases of good practice into wide-spread common practice. Aimed at housing practitioners, managers and delivery staff across the whole housing sector. | ||
| 590 | _aKA | ||
| 651 | 4 |
_aUnited Kingdom _y |
|
| 690 | _aHOUSING-HOUSING FINANCE | ||
| 942 | _n0 | ||
| 999 |
_c106176 _d106176 |
||